La creatividad en la educación
Kaydedildi:
| Asıl Yazarlar: | , |
|---|---|
| Diğer Yazarlar: | |
| Materyal Türü: | Kitap |
| Dil: | İspanyolca |
| Baskı/Yayın Bilgisi: |
Madrid
Escuela Española
1984
|
| Konular: | |
| Etiketler: |
Etiketle
Etiket eklenmemiş, İlk siz ekleyin!
|
MARC
| LEADER | 00000nam a2200000 a 4500 | ||
|---|---|---|---|
| 001 | UCZ6538 | ||
| 003 | CL-VaPUC | ||
| 008 | 951211e19840000SP |||||||||||||||||spa|d | ||
| 082 | 0 | 4 | |a 370.118 |b MEN |2 21 |
| 100 | |a Menchén Bellón, Francisco |e autor |9 350891 | ||
| 700 | 0 | |a Dadamia Isabela, Oscar Miguel |e author |9 350892 | |
| 700 | |a Martínez Alvarez, José |e autor |9 350893 | ||
| 245 | 1 | 3 | |a La creatividad en la educación |
| 300 | |a 167 p | ||
| 942 | |c BK | ||
| 945 | |d 19951211 00:00:00 |a cmena | ||
| 260 | |a Madrid |b Escuela Española |c 1984 | ||
| 650 | 0 | |a Creatividad |9 310816 | |
| 650 | 0 | |a Psicología educacional |9 307830 | |
| 650 | 0 | |a Imaginación |9 269378 | |
| 650 | 7 | |a ROL CREATIVO |2 CL-VaPUC |9 336255 | |
| 650 | 0 | |a Escuelas |9 308582 | |
| 650 | 0 | |a Metodología |9 256610 | |
| 583 | |a last modification |c 19951211 00:00:00 |k Rodrigo Vera | ||
| 999 | |c 242737 |d 242735 | ||
| 952 | |0 0 |1 0 |4 0 |6 370_118000000000000_MEN_1984 |7 0 |8 A |9 255872 |a BIBEDU |b BIBEDU |d 2019-11-19 |i 1604694 |l 1 |o 370.118 MEN 1984 |p 1604694 |r 2024-04-04 |s 2024-04-02 |w 2019-11-19 |y BK |k EDU | ||